000 02104nam0a2200325 4500
001 RU\NLR\BIBL_A\022710733
005 20260419042234.0
035 _a(NLR Aleph) 022710733
090 _a13541291
_c13541291
100 _a20260128d1976 u y0rusy50 ca
101 0 _aukr
102 _aRU
105 _ay ag 000yy
181 0 _ai
_baxxe
182 0 _an
200 1 _aТваринництво – важлива галузь сільськогосподарського виробництва
_e(рекомендаційний список літератури на допомогу тваринникам)
_fХмельницьке обласне управління культури, Державна обласна наукова бібліотека ім. М. Островського
_g[матеріали підготували: Л. А. Дебеленко, Т. Ф. Марчак]
203 _aТекст
_bвизуальный
_cнепосредственный
210 _aХмельницький
_c[б. и.]
_d1976
215 _a10 с.
_d20
300 _aВ вып. дан. загл. также на рус. яз.: Животноводство - важная отрасль сельскохозяйственного производства: (рекомендательный список литературы в помощь животноводам) на украинском языке
320 _aБиблиогр.: с. 10
517 1 _aЖивотноводство - важная отрасль сельскохозяйственного производства
_e(рекомендательный список литературы в помощь животноводам) на украинском языке
_zrus
702 1 _aДебеленко
_bЛ. А.
_4220
712 0 2 _4570
_8ukr
_aХмельницька обласна наукова бібліотека ім. М. Островського
_7ca
_3RU\NLR\AUTH\880637998
_92694955
852 _aNLR
_jс361-660/Т-26
942 _cBOOK
980 _aNB